000 00522nam a2200193 a 4500
001 4708
003 CO-ViMGA
008 141112s2004 ck r 000 u spa d
020 _a8470922750
040 _aCO-ViMGA
_bspa
_cCO-ViMGA
082 0 4 _a344.043 H857
100 1 _aHunter, Donald
_92834
245 1 0 _aEnfermedades laborales /
_cDonald Hunter
260 _aBarcelona :
_bJims,
_c1985
300 _a921 p. 24 cm
650 1 4 _aENFERMEDADES LABORALES
_92835
650 1 4 _aTRABAJO - ENFERMEDADES
_92836
942 _2ddc
_cBK
999 _c16718
_d16718